00869nam a2200205 a 450000100100000000500170001000800410002702000180006804000250008608200130011110000240012424500540014826000510020230000210025359000270027495201170030195201110041895201170052999900170064600004876820201002061407.0190412s2016 dr 000 0 spa d a9789945167627 aDO-SdBNPbspacBNPHU axxxbJ551 aJerez, Keren97622210aMetamorfis :bde oruga a mariposa /cKeren Jerez. aSanto Domingo, :bDiez Veces Mas Group,c2016. a101 p. ;c18 cm. aInventariado, 2019/ YL 0010718DSaGRbGRcCTd2019-04-11iLF1l0oxxx J55p48768-30r2020-06-25te. 3w2020-06-25yLFDSZNo se presta 0010718PDaPDbPDcCTd2019-04-11iLF1l0oxxx J55p48768-10r2020-06-25w2020-06-25yLFPDZNo se presta 0010718PDaPDbPDcCTd2019-04-11iLF1l0oxxx J55p48768-20r2020-06-25te. 2w2020-06-25yLFPDZNo se presta c48256d48256